00537nam a22001337a 4500003000500000038001800005082000800023100002200031245018900053264003300242650002900275700004100304856005800345NUST aNusrat Nadeem a200 aKhan, Zahra Ameer aExploring the Multilevel factors Influencing Women’s choices and utilization of Family Planning Services in Rawalpindi City, Pakistan: A Grounded Theory Approach/cZahra Ameer Khan,  aIslamabad:bS3H NUST.c2025. aMS- Development Studies  aSupervisor: Dr. Tauqeer Hussain Shah u http://10.250.8.41:8080/xmlui/handle/123456789/54900